Confluencias arquitectónicas / (Registro nro. 63129)

Detalles MARC
000 -LEADER
campo de control de longitud fija 02861am aa2200481i 44500
003 - IDENTIFICADOR DE NÚMERO DE CONTROL
campo de control PE-LiUPU
005 - FECHA Y HORA DE LA ÚLTIMA TRANSACCIÓN
campo de control 20251103115642.0
008 - DATOS DE LONGITUD FIJA--INFORMACIÓN GENERAL
campo de control de longitud fija 2311s2023 pe#a rb 001 0 spa d
020 ## - NÚMERO INTERNACIONAL ESTÁNDAR DEL LIBRO
Número Internacional Estándar del Libro 9786123179182
035 ## - NÚMERO DE CONTROL DEL SISTEMA
Número de control de sistema PE-LiUPU000049
040 ## - FUENTE DE CATALOGACIÓN
Centro catalogador/agencia de origen PE-LiUPU
Lengua de catalogación spa
Centro/agencia transcriptor PE-LiUPU
Normas de descripción rda
082 04 - NÚMERO DE LA CLASIFICACIÓN DECIMAL DEWEY
Número de clasificación 720.985
Cutter L792c
Número de edición 23
100 1# - ENTRADA PRINCIPAL--NOMBRE DE PERSONA
Nombre de persona Llosa, Patricia,
Término indicativo de función/relación autora.
9 (RLIN) 7416
245 10 - MENCIÓN DEL TÍTULO
Título Confluencias arquitectónicas /
Mención de responsabilidad, etc. por Patricia Llosa y Rodolfo Cortegana.
264 #1 - PRODUCCIÓN, PUBLICACIÓN, DISTRIBUCIÓN, FABRICACIÓN Y COPYRIGHT
Producción, publicación, distribución, fabricación y copyright Lima :
Nombre del de productor, editor, distribuidor, fabricante Fondo Editorial de la Pontificia Universidad Católica del Perú,
Fecha de producción, publicación, distribución, fabricación o copyright noviembre de 2023.
300 ## - DESCRIPCIÓN FÍSICA
Extensión 143 páginas :
Otras características físicas ilustraciones, planos, fotografías ;
Dimensiones 23 cm.
336 ## - TIPO DE CONTENIDO
Término de tipo de contenido texto
Código de tipo de contenido txt
Fuente rdacontent
337 ## - TIPO DE MEDIO
Nombre/término del tipo de medio sin mediación
Código del tipo de medio n
Fuente rdamedia
338 ## - TIPO DE SOPORTE
Nombre/término del tipo de soporte volumen
Código del tipo de soporte nc
Fuente rdacarrier
490 1# - MENCIÓN DE SERIE
Mención de serie Colección Cuerpo Docente / Arquitectura PUCP
500 ## - NOTA GENERAL
Nota general Primera edición. Tiraje de 500 ejemplares.
500 ## - NOTA GENERAL
Nota general Diseño, diagramación y revisión de textos: Publicaciones Arquitectura PUCP.
500 ## - NOTA GENERAL
Nota general Director de la colección: Sharif S. Kahatt.
500 ## - NOTA GENERAL
Nota general Impreso en los talleres de Tarea Asociación Gráfica Educativa, Lima, noviembre de 2023.
500 ## - NOTA GENERAL
Nota general Depósito legal en la Biblioteca Nacional del Perú N.º 2023-11835.
504 ## - NOTA DE BIBLIOGRAFÍA, ETC.
Nota de bibliografía, etc. Incluye agradecimientos (p. 6) y referencias a proyectos arquitectónicos realizados por los autores.
505 0# - NOTA DE CONTENIDO CON FORMATO
Nota de contenido con formato Introducción -- El santuario -- El museo -- Confluencias -- El campus -- La biblioteca -- Continuidades materiales -- Reflexiones finales -- Entrevista.
520 ## - RESUMEN, ETC.
Sumario, etc. Obra que presenta dos proyectos arquitectónicos realizados por el estudio Llosa Cortegana Arquitectos, complementados con reflexiones teóricas y pedagógicas sobre la práctica contemporánea de la arquitectura en el Perú. A través de sus textos, los autores exploran conceptos de filiación, pertenencia y continuidad material en el territorio, situando su obra dentro del contexto cultural latinoamericano.
546 ## - NOTA DE IDIOMA
Nota de lengua/lenguaje Texto en español.
650 24 - PUNTO DE ACCESO ADICIONAL DE MATERIA--TÉRMINO DE MATERIA
Término de materia o nombre geográfico como elemento de entrada Arquitectura moderna
Subdivisión geográfica Perú.
9 (RLIN) 7289
650 24 - PUNTO DE ACCESO ADICIONAL DE MATERIA--TÉRMINO DE MATERIA
Término de materia o nombre geográfico como elemento de entrada Arquitectura contemporánea
Subdivisión geográfica Perú.
9 (RLIN) 7417
650 24 - PUNTO DE ACCESO ADICIONAL DE MATERIA--TÉRMINO DE MATERIA
Término de materia o nombre geográfico como elemento de entrada Arquitectos
Subdivisión geográfica Perú.
9 (RLIN) 3417
700 ## - ENTRADA AGREGADA--NOMBRE PERSONAL
Nombre de persona Cortegana Morgan, Rodolfo,
Término indicativo de función/relación autor.
9 (RLIN) 4601
700 ## - ENTRADA AGREGADA--NOMBRE PERSONAL
Nombre de persona Kahatt, Sharif S.,
Término indicativo de función/relación director de colección.
9 (RLIN) 7418
710 ## - ENTRADA AGREGADA--NOMBRE DE ENTIDAD CORPORATIVA
Nombre de entidad corporativa o nombre de jurisdicción como elemento de entrada Pontificia Universidad Católica del Perú.
Unidad subordinada Facultad de Arquitectura y Urbanismo,
Término indicativo de función/relación editor.
9 (RLIN) 7406
710 ## - ENTRADA AGREGADA--NOMBRE DE ENTIDAD CORPORATIVA
Nombre de entidad corporativa o nombre de jurisdicción como elemento de entrada Fondo Editorial PUCP,
Término indicativo de función/relación editor.
9 (RLIN) 7407
710 ## - ENTRADA AGREGADA--NOMBRE DE ENTIDAD CORPORATIVA
Nombre de entidad corporativa o nombre de jurisdicción como elemento de entrada Tarea Asociación Gráfica Educativa,
Término indicativo de función/relación impresor.
9 (RLIN) 7348
830 #0 - PUNTO DE ACCESO ADICIONAL DE SERIE-TÍTULO UNIFORME
Título uniforme Colección Cuerpo Docente (Arquitectura PUCP)
856 40 - LOCALIZACIÓN Y ACCESO ELECTRÓNICOS
Identificador Uniforme de Recursos <a href="https://repositorio.pucp.edu.pe">https://repositorio.pucp.edu.pe</a>
Nota pública Repositorio institucional PUCP.
942 ## - ELEMENTOS DE ENTRADA SECUNDARIOS (KOHA)
Fuente del sistema de clasificación o colocación Clasificación Decimal Dewey
Tipo de ítem Koha Libros físicos
980 ## - EQUIVALENCIA O REFERENCIA-CRUZADA-MENCIÓN DE SERIE--NOMBRE DE PERSONA/TÍTULO [LOCAL, CANADÁ]
ID del usuario creador del registro 21515
Nombre del creador del registro ROMINA COBOS Adquisiciones
ID del último usuario que modificó el registro 18226
Nombre del último usuario que modificó el registro Jaime Vilcazán Jefe de Análisis Documental
Existencias
Visto por última vez Total de préstamos Signatura topográfica completa Código de barras Fecha del último préstamo Copia número Coste, precio de reemplazo Fecha de reemplazo Facultad Tipo de ítem Koha Estado de pérdida Fuente del sistema de clasificación o colocación Restricciones de uso No para préstamo Colección Programa académico Biblioteca de origen Biblioteca actual Ubicación en estantería Fecha de adquisición Fuente de adquisición Coste, precio normal de compra
2026-01-27 1 720.985 L792c 82855 2026-01-22 e1 35.00 2025-10-22 FIA Libros físicos No Perdido Clasificación Decimal Dewey No restringido Disponible para préstamos Colección General Arquitectura Biblioteca CRAI UPeU Lima Biblioteca CRAI UPeU Lima Sala principal 2025-10-20 COMPRA 30.00